000 00599nam a2200229Ia 4500
003 OSt
005 20220923230223.0
006 a|||||r|||| 00| 0
007 ta
008 Pun
024 _a278,475
037 _cTextual
040 _aARTS
_cARTS
_bPun
041 _2Pun
_aPun
082 _aO153,3N24,DT, N1
100 _aਸੈਣੀ, ਅਜੀਤ
245 0 _aਦੋ ਟਕਿਆਂ ਦੀ ਨੌਕਰੀ
260 _c1991
650 _aਪੰਜਾਬੀ ਸਾਹਿਤ
942 _hO153,3N24,DT, N1
_cTEXL
_2CC
999 _c383343
_d383343